| 000 | 00681cam a2200229 4500500 | ||
|---|---|---|---|
| 005 | 20260329005031.0 | ||
| 041 | _afre | ||
| 042 | _adc | ||
| 100 | 1 | 0 |
_aPerragin, Charles _eauthor |
| 245 | 0 | 0 | _aEmmanuel Macron a-t-il déjà gagné ? |
| 260 | _c2022. | ||
| 500 | _a6 | ||
| 690 | _aDémocratie | ||
| 690 | _aÉlection présidentielle 2022 | ||
| 690 | _aEmmanuel Macron | ||
| 690 | _aÉtat | ||
| 690 | _aFrance | ||
| 690 | _aJean-Claude Monod | ||
| 690 | _aPolitique | ||
| 786 | 0 | _nPhilosophie magazine | 158 | 4 | 2022-04-01 | p. 11-11 | 1951-1787 | |
| 856 | 4 | 1 | _uhttps://shs.cairn.info/magazine-philosophie-magazine-2022-4-page-11?lang=fr&redirect-ssocas=7080 |
| 999 |
_c1839646 _d1839646 |
||